书目信息 |
| 题名: |
明明白白购房
|
|
| 作者: | 蔡云 编著 | |
| 分册: | ||
| 出版信息: | 北京 劳动人事出版社 2001.12 |
|
| 页数: | 179页 | |
| 开本: | 19cm | |
| 丛书名: | 最新实用百姓购房政策顾问 | |
| 单 册: | ||
| 中图分类: | F299.233.5 | |
| 科图分类: | ||
| 主题词: | 房地产业--fang di chan ye--基本知识--中国 | |
| 电子资源: | ||
| ISBN: | 7-5045-3332-7 | |
| 000 | 00866nam 2200241 450 | |
| 001 | 012006594219 | |
| 005 | 20060405090504.28 | |
| 010 | @a7-5045-3332-7@dCNY10.00 | |
| 100 | @a20060405d2001 km y0chiy0120 ea | |
| 101 | 0 | @achi |
| 102 | @aCN@b110000 | |
| 105 | @ay z 000yy | |
| 200 | 1 | @a明明白白购房@Aming ming bai bai gou fang@f蔡云编著@Fcai yun bian zhu |
| 210 | @a北京@c劳动人事出版社@d2001.12 | |
| 215 | @a179页@d19cm | |
| 225 | 2 | @a最新实用百姓购房政策顾问@Azui xin shi yong bai xing gou fang zheng ce gu wen |
| 330 | @a本书以问答的形式介绍了购房的基本知识,内容包括:购房基础篇、买房篇、房产权利篇、纠纷处理篇四部分。 | |
| 410 | 0 | @12001 @a最新实用百姓购房政策顾问 |
| 606 | 0 | @a房地产业@Afang di chan ye@x基本知识@y中国 |
| 690 | @aF299.233.5@v4 | |
| 701 | 0 | @a蔡云@Acai yun@4编著 |
| 801 | 0 | @aCN@bQSSK@c20060405 |
| 905 | @a10447@dF299.233.5@eC075 | |
| 明明白白购房/蔡云编著.-北京:劳动人事出版社,2001.12 |
| 179页;19cm.-(最新实用百姓购房政策顾问) |
| ISBN 7-5045-3332-7:CNY10.00 |
| 本书以问答的形式介绍了购房的基本知识,内容包括:购房基础篇、买房篇、房产权利篇、纠纷处理篇四部分。 |
| ● |
| 相关链接 |
|
|
|
正题名:明明白白购房
索取号:F299.233.5/C075
 
预约/预借
| 序号 | 登录号 | 条形码 | 馆藏地/架位号 | 状态 | 备注 |
| 1 | 557352 | 205573529 | 社科库409/409社科库 31排4列2层/ [索取号:F299.233.5/C075] | 在馆 | |
| 2 | 557353 | 205573538 | 社科库409/409社科库 31排4列2层/ [索取号:F299.233.5/C075] | 在馆 | |
| 3 | 557354 | 205573547 | 社科二线422/409社科库 31排4列2层/ [索取号:F299.233.5/C075] | 在馆 |